000
00336nam a22001457a 4500
008
210429b ||||| |||| 00| 0 eng d
020
_a
9780072819823
041
_a
eng
080
_2
4th
_a
330
082
_a
330
100
_a
52
101
_a
EKO
245
_a
Basic Statistics for Business & Economics
_c
Lind, D.A
942
_2
udc
_c
BK
999
_c
57000
_d
57000